Roger Federer - Statistics

General Stats
  • This quiz has been taken 402 times
    339 since last reset
  • The average score is 18 of 24
Answer Stats
Question Answer % Correct
How many times at French Open? 1
100%
How many times in Wimbledon? 8
99%
How many career titles (doubles) ? 8
99%
In which country? Switzerland
98%
How many Grand-Slams has he won? 20
97%
Is he a legend? Of course!
95%
How old is he? 37
93%
When did he win his last Grand Slam? 2018
92%
When was he born? August 8, 1981
92%
In which city? Basel
88%
When made he his debut? 1998
85%
How many career titles (singles) ? 98
84%
His wife Mirka Federer
78%
His full name Roger Federer
77%
Who was his opponent? Marin Čilić
76%
When has he won the Davis Cup? 2014
75%
With whom? (only players which played in the final) Stan Wawrinka
75%
How many weeks at #1? 310
54%
His coach? Severin Lüthi / Ivan Ljubičić
51%
Which citizenship holds he as well? the South African
47%
Their children Leo
44%
Their children Lennart (Lenny)
38%
Their children Charlene Riva
32%
Their children Myla Rose
32%
No matching quizzes found
Score Distribution
Percent of People with Each Score
Percentile by Number Answered
Your Score History
You have not taken this quiz since the last reset